000 00345nam a2200133Ia 4500
008 240624s9999 xx 000 0 und d
041 _aeng
082 _a658.4 BLA
100 _aBLANCHARD KEN
245 _aMANAGING BY VALUES HOW TO PUT YOUR VALUE
260 _c2011
_aNew Delhi
_bMcGraw-Hill
300 _a154 : p. : cm. ; 21
365 _cRS
_b27
999 _c21944
_d21944